Việt nam con hổ đang chuyển mình?

Sách trình bày cái nhìn tổng thể về những yếu tố ảnh hưởng đến sự phát triển kinh tế của Việt Nam trong suốt hai thập kỷ cải cách kinh tế mạnh mẽ và hội nhập nền kinh tế thế giới.

Đã lưu trong:
書目詳細資料
主要作者: Arkadie, Brrian van
格式: 圖書
語言:Undetermined
出版: Hà Nội Thống kê 2004
主題:
標簽: 添加標簽
沒有標簽, 成為第一個標記此記錄!
Thư viện lưu trữ: Trung tâm Học liệu Trường Đại học Cần Thơ
LEADER 01001nam a2200205Ia 4500
001 CTU_68749
008 210402s9999 xx 000 0 und d
082 |a 330.9597 
082 |b A721 
100 |a Arkadie, Brrian van 
245 0 |a Việt nam con hổ đang chuyển mình? 
245 0 |c Brrian van Arkadie, Raymond Mallon ; Trần Thị Mai Hoa, Hoàng Gia Hải Hoàng dịch 
260 |a Hà Nội 
260 |b Thống kê 
260 |c 2004 
520 |a Sách trình bày cái nhìn tổng thể về những yếu tố ảnh hưởng đến sự phát triển kinh tế của Việt Nam trong suốt hai thập kỷ cải cách kinh tế mạnh mẽ và hội nhập nền kinh tế thế giới. 
650 |a Economic,Economic conditions,Kinh tế,Điều kiện kinh tế 
650 |z Vietnam,Việt Nam 
904 |i Mai Loan, Trúc (sửa) 
980 |a Trung tâm Học liệu Trường Đại học Cần Thơ